[Event "NRW U25 op"]
[Site "Olpe"]
[Date "2005.10.01"]
[Round "1.8"]
[White "Taubert, Tobias"]
[Black "Gesing, Felix"]
[Result "0-1"]
[WhiteElo "1469"]
[BlackElo "1807"]
[PlyCount "78"]
[EventDate "2005.10.01"]
[EventType "swiss"]
[EventRounds "7"]
[EventCountry "GER"]
[SourceTitle "CBM 108 Extra"]
[Source "ChessBase"]
[SourceDate "2005.11.04"]
[SourceVersion "1"]
[SourceVersionDate "2005.11.04"]
[SourceQuality "1"]

1. d4 Nf6 2. c4 c5 3. Bg5 cxd4 4. Bxf6 exf6 5. Qxd4 Nc6 6. Qe4+ Qe7 7. Qxe7+ Bxe7 8. Nf3 Bb4+ 9. Nbd2 Ne5 10. 0-0-0 Ng4 11. Ne4 f5 12. Nd6+ Bxd6 13. Rxd6 Nxf2 14. Rg1 0-0 15. Ne5 Ne4 16. Rd5 d6 17. Nf3 Be6 18. Rd4 Rfc8 19. e3 b5 20. b3 bxc4 21. bxc4 d5 22. Nd2 Nxd2 23. Kxd2 dxc4 24. Kc3 Rc5 25. Be2 Rb8 26. Rgd1 Kf8 27. Rd8+ Rxd8 28. Rxd8+ Ke7 29. Rd4 Ra5 30. Rd2 Ra3+ 31. Kb4 Rxe3 32. Bxc4 Re4 33. Rc2 Rxc4+ 34. Rxc4 Bxc4 35. Kxc4 Kd6 36. Kb5 f4 37. a4 g5 38. a5 g4 39. Ka6 f3 0-1